|
|
|
|
| LEADER |
00000nas a2200000 a 4500 |
| 001 |
ssj0006756 |
| 003 |
WaSeSS |
| 005 |
20200512172242.0 |
| 006 |
m d |
| 007 |
cr n |
| 008 |
030729c19399999enkqr pss 0 0eng c |
| 010 |
|
|
|a 2004235632
|
| 015 |
|
|
|a GBB407795
|2 bnb
|
| 016 |
7 |
|
|a 2067089-8
|2 DE-600
|
| 016 |
7 |
|
|a 012924401
|2 Uk
|
| 022 |
|
|
|a 1478-2286
|l 0040-2982
|y 0040-2982
|
| 035 |
|
|
|a (WaSeSS)ssj0006756
|
| 040 |
|
|
|a BUF
|b eng
|c BUF
|d EYM
|d HLS
|d OCLCQ
|d OCL
|d OCLCQ
|d OCLCS
|d OCL
|d IUL
|d OCLCQ
|d OCLCF
|d OCLCO
|d OCL
|d OCLCO
|d OCL
|d OCLCQ
|d DEBBG
|d WT2
|d AZU
|d QE2
|d FIE
|d OCLCE
|d ADU
|d CUD
|d NZAUC
|d DEFHM
|d CUS
|d NLE
|d GILDS
|d OCLCO
|d UKBOL
|d UA@
|d OCLCQ
|d OCLCO
|d WYU
|d UKMGB
|d VT2
|d HUL
|d NJT
|d OCLCQ
|d OCLCO
|d WaSeSS
|
| 042 |
|
|
|a pcc
|
| 050 |
1 |
4 |
|a ML5
|
| 082 |
0 |
4 |
|a 780.5
|
| 130 |
0 |
|
|a Tempo (London, England)
|
| 222 |
|
0 |
|a Tempo
|b (Online)
|
| 245 |
1 |
0 |
|a Tempo
|h [electronic resource].
|
| 260 |
|
|
|a London :
|b Boosey and Hawkes,
|c 1939-
|
| 260 |
3 |
|
|3 <Apr. 2017-> :
|a Cambridge :
|b Cambridge University Press
|
| 310 |
|
|
|a Quarterly,
|b Feb. 1944-
|
| 321 |
|
|
|a Bimonthly,
|b Jan.-July 1939
|
| 321 |
|
|
|a Irregular,
|b Aug. 1939-Jan. 1944
|
| 362 |
0 |
|
|a No. 1 (Jan. 1939)-no. 15 (June 1946) ; new ser., no. 1 (Sept. 1946)-no. 222 (Oct. 2002); v. 57, no. 223 (Jan. 2003)-
|
| 500 |
|
|
|a Title from title screen (JSTOR, viewed Oct. 8, 2003).
|
| 500 |
|
|
|a Published: London : Cambridge University Press, 2003-
|
| 500 |
|
|
|a Some issues also have theme titles.
|
| 506 |
|
|
|a License restrictions may limit access.
|
| 515 |
|
|
|a New ser., no. 2 (Dec. 1946) also called no. 17; new ser., no. 3 (Mar. 1947) numbered only no. 18.
|
| 515 |
|
|
|a Publication suspended Aug. 1939-July 1941 and Sept. 1941-Jan. 1944.
|
| 538 |
|
|
|a Mode of access: World Wide Web.
|
| 588 |
1 |
|
|a Vol. 57, issue 223 (Jan. 2003) (Cambridge Journals, viewed July 28, 2003).
|
| 648 |
|
7 |
|a 1900-2099
|2 fast
|
| 650 |
|
0 |
|a Music
|v Periodicals.
|
| 650 |
|
0 |
|a Music
|y 20th century
|v Periodicals.
|
| 650 |
|
0 |
|a Music
|y 21st century
|v Periodicals.
|
| 650 |
|
6 |
|a Musique
|v Périodiques.
|
| 650 |
|
6 |
|a Musique
|y 20e siècle
|x Histoire et critique
|v Périodiques.
|
| 650 |
|
6 |
|a Musique
|y 20e siècle
|v Périodiques.
|
| 650 |
|
7 |
|a Music
|2 fast
|0 (OCoLC)fst01030269
|
| 650 |
|
7 |
|a Neue Musik
|2 gnd
|
| 650 |
|
7 |
|a 20e siècle.
|2 rasuqam
|
| 650 |
|
7 |
|a 21e siècle.
|2 rasuqam
|
| 650 |
|
7 |
|a Histoire.
|2 rasuqam
|
| 650 |
|
7 |
|a Musique.
|2 rasuqam
|
| 653 |
|
|
|a Culture and media
|
| 655 |
|
0 |
|a Electronic journals.
|
| 776 |
1 |
|
|t Tempo (London, England)
|x 0040-2982
|w (DLC) 51036700
|w (OCoLC)1767255
|
| 856 |
4 |
0 |
|z Full text available from Research Library: 01/01/2003 to 1 year ago
|u https://search.proquest.com/publication/27178
|